|
|
|
|
| LEADER |
00000nam0a2200000 4500 |
| 001 |
268273 |
| 005 |
20231101234143.0 |
| 035 |
|
|
|a (RuTPU)RU\TPU\book\291405
|
| 090 |
|
|
|a 268273
|
| 100 |
|
|
|a 20140829d1986 k y0rusy50 ca
|
| 101 |
0 |
|
|a rus
|
| 102 |
|
|
|a RU
|
| 105 |
|
|
|a a z 001zy
|
| 200 |
1 |
|
|a Совершенствование технологии и повышение качества изготовления нефтепромыслового оборудования
|e сборник научных трудов
|f под ред. Г. Г. Ахадова
|
| 210 |
|
|
|a Пермь
|c Изд-во ПКТБхиммаш
|d 1986
|
| 215 |
|
|
|a 116 с.
|c ил.
|
| 320 |
|
|
|a Библиография в конце статей
|
| 606 |
1 |
|
|a Нефтепромысловое оборудование
|x Качество
|2 stltpush
|3 (RuTPU)RU\TPU\subj\45823
|9 65014
|
| 610 |
1 |
|
|a технологии
|
| 610 |
1 |
|
|a качество
|
| 610 |
1 |
|
|a изготовление
|
| 610 |
1 |
|
|a новые технологии
|
| 610 |
1 |
|
|a технический уровень
|
| 610 |
1 |
|
|a повышение
|
| 675 |
|
|
|a 622.276.05
|v 3
|
| 702 |
|
1 |
|a Ахадов
|b Г. Г.
|4 340
|
| 801 |
|
1 |
|a RU
|b 63413507
|c 20140829
|
| 801 |
|
2 |
|a RU
|b 63413507
|c 20160929
|g RCR
|
| 942 |
|
|
|c BK
|